000 00287nam a2200133Ia 4500
005 20251222144833.0
008 251222s9999||||xx |||||||||||||| ||spa||
020 _a8479592567
082 _a750/C76G
245 0 _aRoca, Amadeo
250 _a1ra.ed.
264 _bCaja Sur
942 _cLIB
999 _c20936
_d20936